000 00734nam a2200265Ia 4500
003 OSt
005 20221006140658.0
006 a|||||r|||| 00| 0
007 ta
008 221006b |||||||| |||| 00| 0 jpn d
020 _a9784480857163
_c¥2200
024 _a358
037 _bGift, Japan Foundation
_cTextual
040 _aEASL
_cEASL
_bjpn
041 _2jpn
_ajpn
082 _aY150aV42.N45, N7
100 _aWAKAKUWA Midori
_9643180
245 0 _aSenso ga tsukuru joseijo
260 _aTokyo
_bChikumashobo Japan
_c1997
300 _a268p.
_ccm.
490 _v JL
650 _aJL
942 _hY150aV42.N45, N7
_cTEXL
_2CC
999 _c1068445
_d1068445